| 000 | 00939cam a22003017a 4500 | ||
|---|---|---|---|
| 001 | 13437598 | ||
| 003 | CEME | ||
| 005 | 20210628201534.0 | ||
| 008 | 031218s2004 enka b 001 0 eng d | ||
| 010 | _a 2003116738 | ||
| 015 | _aGBA3-X8878 | ||
| 020 | _a1853129917 | ||
| 035 | _a(OCoLC)ocm51993205 | ||
| 040 |
_aUKM _beng _cUKM _dC#P _dDLC |
||
| 042 | _alccopycat | ||
| 050 | 0 | 0 |
_aQA929 _b.K645 2004 |
| 082 | 0 | 0 |
_a532/.0533 _222 |
| 100 | 1 |
_aKohr, Mirela. _955718 |
|
| 245 | 1 | 0 |
_aViscous incompressible flow for low Reynolds numbers / _cM. Kohr & I. Pop. |
| 260 |
_aSouthampton ; _aBoston : _bWIT, _cc2004. |
||
| 300 |
_axvii, 427 p. : _bill. ; _c24 cm. |
||
| 440 | 0 |
_aAdvances in boundary elements series, _x1460-1419 ; _vv. 16 _955719 |
|
| 504 | _aIncludes bibliographical references and index. | ||
| 650 | 0 |
_aViscous flow. _937739 |
|
| 650 | 0 |
_aReynolds number. _955720 |
|
| 700 | 1 |
_aPop, Ioan, _d1937- _955721 |
|
| 942 |
_2ddc _cBK |
||
| 999 |
_c566448 _d566448 |
||